[Event "FRA-ch60 Championnat"]
[Site "Clermont Ferrand"]
[Date "1985.08.21"]
[Round "5"]
[White "Roos, Daniel"]
[Black "Meinsohn, Francis"]
[Result "1-0"]
[WhiteElo "2325"]
[BlackElo "2305"]
[Annotator "Villeneuve,A/Primel,D"]
[PlyCount "66"]
[EventDate "1985.08.17"]
[EventType "swiss"]
[EventRounds "13"]
[EventCountry "FRA"]
[SourceTitle "EXT 2004"]
[Source "ChessBase"]
[SourceDate "2003.11.25"]
[SourceVersion "1"]
[SourceVersionDate "2003.11.25"]
[SourceQuality "1"]

1. e4 c5 2. Nc3 Nc6 (2... e6 {Roos,D (2330)-Sharif,M (2430) FRA-ch 60th
Clermont Ferrand 1985 (2) 1/2}) 3. g3 Nf6 $5 {Une ligne secondaire} (3... g6 {
la ligne principale}) 4. Bg2 e6 5. f4 {(11)} d6 {(5)} 6. Nf3 Be7 7. O-O O-O 8.
d3 {[%cal Ga7a6,Gb7b5]} Bd7 $146 {[%cal Gd8c8]} (8... Rb8 $142) (8... a6 $142
9. h3 b5 {Bellon Lopez,J (2400)-Ghitescu,T (2455) Olot 1974 (2) 1/2}) 9. h3 Rc8
10. Be3 $146 {(24)} d5 {(39)} 11. Bf2 Be8 12. g4 d4 $6 {la fermeture du centre
permet aux blancs d'attaquer а l'aile-roi et les noirs manquent de contre-jeu}
13. Ne2 Nd7 14. h4 e5 15. Bg3 {(103)} (15. f5) 15... f6 {(104) On a une
Est-Indienne avec couleurs inversées! Les blancs ont un temps de plus mais le
Bg3 est mal placé car il prend la case naturelle du N} 16. Bh3 $5 {Comme dans
l'Est-Indienne, l'activation du Bg2 est un thème récurrent.} (16. f5 c4 $1 17.
g5 Nc5 (17... fxg5 18. hxg5 Bxg5 19. Nxg5 Qxg5)) (16. b3) 16... Bf7 {[%cal
Gc5c4]} 17. b3 {[%csl Rc3]} b5 {La course de vitesse est lancée} 18. a4 a6 19.
axb5 axb5 20. g5 {(111)} Bd6 $6 {(111) égalité parfaite а la pendule!} (20...
c4 $143 $1) 21. gxf6 gxf6 22. fxe5 (22. f5 Kh8 23. Kh2 Rg8 24. Rg1 c4 $132)
22... Ncxe5 23. Nxe5 fxe5 $2 (23... Bxe5 $142 $8 {[%csl Rg1] le lyonnais a
repris du P"f" après seulement 3 mns de réflexion et l'alternative Be5
méritait davantage d'attention} 24. Kh1 Qe7 25. Rg1 Kh8 26. Qf1 Be6 (26... Rg8
27. Bxd7 Qxd7 28. Bxe5 Rxg1+ (28... fxe5 29. Qf6+) 29. Kxg1 fxe5 30. Qf6+ Kg8
31. Kh2 Bg6 32. Rg1 Rf8 33. Qxe5 Rf2+ 34. Rg2 Rxg2+ 35. Kxg2 $18 {[%csl Ge4]})
27. Nf4 Bxf4 28. Bxf4 Rg8 $14 {La position est compliquée et les blancs sont
mieux mais la position noire est parfaitement jouable alors qu'après fe5, elle
devient perdante.}) 24. Qd2 (24. Ra6 $1 $16) 24... Rc7 $2 (24... Bg6 25. Qh6
Rxf1+ 26. Rxf1 Qe7) (24... Be8 25. Be6+ Kh8 26. Rxf8+ Nxf8 27. Bxc8) 25. Qh6
$40 {(1h30)} Nb8 $2 {Libère le contrôle de la 7ème rangée pour la Rc7 mais le
N sera hors-jeu pendant l'attaque des blancs} {[%tqu "En","les blancs ont
obtenu une attaque gagnante mais comment continuer de manière précise?","","",
"f1f6","",5]} 26. Bf5 $2 {moins fort que le coup intermédiaire Rf6 qui
provoque l'effondrement de la positionn noire} (26. Rf6 $1 {[%cal Gf6d6]} Bg6
27. Rxg6+ $1 hxg6 28. Be6+ Rff7 (28... Rcf7 29. Qxg6+ Kh8 30. Bxf7) 29. Rf1 Qf8
30. Qxg6+ Qg7 31. h5 $1 $18 {Un coup tranquille en pleine attaque} Bf8 $2 32.
Bxe5 $1) 26... Be8 $2 {[%cal Gc7h7]} {[%tqu "En","les blancs viennent de se
tromper en jouant а tort le B de cases blanches mais ils ont l'occasion de
mettre fin а la partie en profitant de l'erreur Be8","","","g3e5","",20]} 27.
Be6+ $2 {Comme souvent, une erreur amène une autre mais le fautif est а
nouveau le B de cases blanches! Be6 a été joué а tempo et c'est une erreur de
la part des blancs} (27. Bxe5 $3 Bxe5 (27... Rxf5 28. Rxf5 $18) 28. Bxh7+ Rxh7
29. Rxf8#) 27... Bf7 28. Rxf7 $1 Rfxf7 29. Rf1 Qf8 30. Bxf7+ $2 {(1h43)} (30.
Qg5+ Qg7 31. Rf6 $1 {[%cal Gf6d6]} Bf8 32. Bxe5) 30... Rxf7 {(1h37)} 31. Qe6 $1
{[%cal Ge6g8,Gf1f7,Ge6d6]} Bc7 32. b4 $2 (32. Bxe5 $142 Bxe5 33. Rxf7 Qxf7 34.
Qxe5 {[%cal Ge5b8]} Nd7 35. Qg5+) 32... Qe7 33. Qxe7 $2 (33. Qg4+ $142 Rg7 34.
Qc8+ Qd8 35. Qe6+ Kh8 36. bxc5) 33... Rxe7 {Suite ilisible et gain blanc au
52ème coup. Ce gain а la table 2 permet а D.ROOS de prendre la tête du tournoi.
} 1-0